Návraty do Ruska

Podnikanie v Rusku. Rezonancia značky "sdelano v Čechoslovakii". Čo musí urobiť podnikateľ, ktorý chce ísť na ruský trh. Dôležité je poznať konkurenciu a orientovať sa v cenách. Riziko neúspechu pomerne veľké. Sprostredkovateľ v hľadaní partnerov v Rusku.

Guardado en:
Detalles Bibliográficos
Autor principal: Žitňanský, Eduard
Formato: Capítulo de libro
Lenguaje:eslovaco
Materias:
Etiquetas: Agregar Etiqueta
Sin Etiquetas, Sea el primero en etiquetar este registro!

MARC

LEADER 00000naa a2200000 4500
001 0166353
005 20231113074739.8
041 0 |a slo 
044 |a SK 
245 1 0 |a Návraty do Ruska  |c Eduard Žitňanský 
520 |a Podnikanie v Rusku. Rezonancia značky "sdelano v Čechoslovakii". Čo musí urobiť podnikateľ, ktorý chce ísť na ruský trh. Dôležité je poznať konkurenciu a orientovať sa v cenách. Riziko neúspechu pomerne veľké. Sprostredkovateľ v hľadaní partnerov v Rusku. 
610 2 0 |a podnikatelia 
610 2 0 |a podnikanie 
610 2 0 |a trh 
610 2 0 |a konkurencia 
610 2 0 |a sprostredkovatelia 
610 2 0 |a Rusko 
100 1 |a Žitňanský, Eduard